<?xml version="1.0" encoding="UTF-8"?>
<record
    xmlns:xsi="http://www.w3.org/2001/XMLSchema-instance"
    xsi:schemaLocation="http://www.loc.gov/MARC21/slim http://www.loc.gov/standards/marcxml/schema/MARC21slim.xsd"
    xmlns="http://www.loc.gov/MARC21/slim">

  <leader>01119nam a2200301 i 4500</leader>
  <controlfield tag="003">OSt</controlfield>
  <controlfield tag="005">20251118110435.0</controlfield>
  <controlfield tag="008">251118s2024    my     gr     000 0 may d</controlfield>
  <datafield tag="020" ind1=" " ind2=" ">
    <subfield code="a">9789678610698</subfield>
    <subfield code="c">RM 30.00</subfield>
    <subfield code="q">paperback</subfield>
  </datafield>
  <datafield tag="040" ind1=" " ind2=" ">
    <subfield code="a">PPAK</subfield>
    <subfield code="b">eng</subfield>
    <subfield code="c">PPAK</subfield>
    <subfield code="e">rda</subfield>
  </datafield>
  <datafield tag="082" ind1="0" ind2="4">
    <subfield code="2">23</subfield>
    <subfield code="a">297.1224045</subfield>
  </datafield>
  <datafield tag="090" ind1="0" ind2="0">
    <subfield code="a">297.1224045</subfield>
    <subfield code="b">NOT</subfield>
    <subfield code="d">G</subfield>
  </datafield>
  <datafield tag="245" ind1="0" ind2="0">
    <subfield code="a">Nota My #QuranTime :</subfield>
    <subfield code="b">...Baca, Faham, Amal : CARA MUDAH BERINTERAKSI DENGAN AL-QURAN.</subfield>
    <subfield code="n">JUZUK 30 /</subfield>
    <subfield code="c">YAYASAN WARISAN UMMAH IKHLAS ; Editor . Mohd Azli Ali</subfield>
  </datafield>
  <datafield tag="264" ind1=" " ind2="1">
    <subfield code="a">Shah Alam, Selangor :</subfield>
    <subfield code="b">Grup Buku Karangkraf Sdn. Bhd.,</subfield>
    <subfield code="c">[2025]</subfield>
  </datafield>
  <datafield tag="300" ind1=" " ind2=" ">
    <subfield code="a">382 pages ; </subfield>
    <subfield code="c">24 cm </subfield>
  </datafield>
  <datafield tag="336" ind1=" " ind2=" ">
    <subfield code="a">text</subfield>
    <subfield code="2">rdacontent</subfield>
  </datafield>
  <datafield tag="337" ind1=" " ind2=" ">
    <subfield code="a">unmediated</subfield>
    <subfield code="2">rdamedia</subfield>
  </datafield>
  <datafield tag="338" ind1=" " ind2=" ">
    <subfield code="a">volume</subfield>
    <subfield code="2">rdacarrier</subfield>
  </datafield>
  <datafield tag="500" ind1=" " ind2=" ">
    <subfield code="a">Contains verses from the Qur'an and quotes from the Hadith.</subfield>
  </datafield>
  <datafield tag="630" ind1="0" ind2="0">
    <subfield code="a">Qur'an</subfield>
    <subfield code="x">Readings</subfield>
  </datafield>
  <datafield tag="630" ind1="0" ind2="0">
    <subfield code="a">Qur'an</subfield>
    <subfield code="x">Recitation</subfield>
  </datafield>
  <datafield tag="630" ind1="0" ind2="0">
    <subfield code="a">Qur'an</subfield>
    <subfield code="x">Criticism, interpretation, etc.</subfield>
  </datafield>
  <datafield tag="630" ind1="0" ind2="0">
    <subfield code="a">Qur'an</subfield>
    <subfield code="x">Appreciation</subfield>
  </datafield>
  <datafield tag="630" ind1="0" ind2="0">
    <subfield code="a">Qur'an</subfield>
    <subfield code="x">Translating</subfield>
  </datafield>
  <datafield tag="700" ind1=" " ind2=" ">
    <subfield code="a">Mohd Azli Ali,</subfield>
    <subfield code="e">editor.</subfield>
  </datafield>
  <datafield tag="710" ind1="2" ind2=" ">
    <subfield code="a">Yayasan Warisan Ummah Ikhlas,</subfield>
    <subfield code="e">issuing body.</subfield>
  </datafield>
  <datafield tag="942" ind1=" " ind2=" ">
    <subfield code="2">ddc</subfield>
    <subfield code="c">B</subfield>
  </datafield>
  <datafield tag="999" ind1=" " ind2=" ">
    <subfield code="c">201611</subfield>
    <subfield code="d">201611</subfield>
  </datafield>
  <datafield tag="952" ind1=" " ind2=" ">
    <subfield code="0">0</subfield>
    <subfield code="7">0</subfield>
    <subfield code="b">PPAK</subfield>
    <subfield code="c">G</subfield>
    <subfield code="d">2025-11-20</subfield>
    <subfield code="l">0</subfield>
    <subfield code="o">297.1224045 NOT</subfield>
    <subfield code="p">A01883651</subfield>
    <subfield code="r">2025-11-20 10:41:41</subfield>
    <subfield code="y">B</subfield>
  </datafield>
  <datafield tag="952" ind1=" " ind2=" ">
    <subfield code="0">0</subfield>
    <subfield code="7">0</subfield>
    <subfield code="b">SP</subfield>
    <subfield code="c">G</subfield>
    <subfield code="d">2025-11-20</subfield>
    <subfield code="l">0</subfield>
    <subfield code="o">297.1224045 NOT</subfield>
    <subfield code="p">A01883652</subfield>
    <subfield code="r">2025-11-20 10:41:41</subfield>
    <subfield code="y">B</subfield>
  </datafield>
  <datafield tag="952" ind1=" " ind2=" ">
    <subfield code="0">0</subfield>
    <subfield code="7">0</subfield>
    <subfield code="b">JT</subfield>
    <subfield code="c">G</subfield>
    <subfield code="d">2025-11-20</subfield>
    <subfield code="l">0</subfield>
    <subfield code="o">297.1224045 NOT</subfield>
    <subfield code="p">A01883653</subfield>
    <subfield code="r">2025-11-20 10:41:41</subfield>
    <subfield code="y">B</subfield>
  </datafield>
  <datafield tag="952" ind1=" " ind2=" ">
    <subfield code="0">0</subfield>
    <subfield code="7">0</subfield>
    <subfield code="b">LW</subfield>
    <subfield code="c">G</subfield>
    <subfield code="d">2025-11-20</subfield>
    <subfield code="l">0</subfield>
    <subfield code="o">297.1224045 NOT</subfield>
    <subfield code="p">A01883654</subfield>
    <subfield code="r">2025-11-20 10:41:41</subfield>
    <subfield code="y">B</subfield>
  </datafield>
  <datafield tag="952" ind1=" " ind2=" ">
    <subfield code="0">0</subfield>
    <subfield code="7">0</subfield>
    <subfield code="b">KM</subfield>
    <subfield code="c">G</subfield>
    <subfield code="d">2025-11-20</subfield>
    <subfield code="l">0</subfield>
    <subfield code="o">297.1224045 NOT</subfield>
    <subfield code="p">A01883655</subfield>
    <subfield code="r">2025-11-20 10:41:41</subfield>
    <subfield code="y">B</subfield>
  </datafield>
  <datafield tag="952" ind1=" " ind2=" ">
    <subfield code="0">0</subfield>
    <subfield code="7">0</subfield>
    <subfield code="b">MR</subfield>
    <subfield code="c">G</subfield>
    <subfield code="d">2025-11-20</subfield>
    <subfield code="l">1</subfield>
    <subfield code="o">297.1224045 NOT</subfield>
    <subfield code="p">A01883658</subfield>
    <subfield code="q">2026-06-13</subfield>
    <subfield code="r">2026-05-23 11:34:07</subfield>
    <subfield code="s">2026-05-23</subfield>
    <subfield code="y">B</subfield>
  </datafield>
  <datafield tag="952" ind1=" " ind2=" ">
    <subfield code="0">0</subfield>
    <subfield code="7">0</subfield>
    <subfield code="b">YN</subfield>
    <subfield code="c">G</subfield>
    <subfield code="d">2025-11-20</subfield>
    <subfield code="l">0</subfield>
    <subfield code="o">297.1224045 NOT</subfield>
    <subfield code="p">A01883659</subfield>
    <subfield code="r">2025-11-20 10:41:41</subfield>
    <subfield code="y">B</subfield>
  </datafield>
  <datafield tag="952" ind1=" " ind2=" ">
    <subfield code="0">0</subfield>
    <subfield code="7">0</subfield>
    <subfield code="b">KN</subfield>
    <subfield code="c">G</subfield>
    <subfield code="d">2025-11-20</subfield>
    <subfield code="l">0</subfield>
    <subfield code="o">297.1224045 NOT</subfield>
    <subfield code="p">A01883661</subfield>
    <subfield code="r">2025-11-20 10:41:41</subfield>
    <subfield code="y">B</subfield>
  </datafield>
  <datafield tag="952" ind1=" " ind2=" ">
    <subfield code="0">0</subfield>
    <subfield code="7">0</subfield>
    <subfield code="b">PG</subfield>
    <subfield code="c">G</subfield>
    <subfield code="d">2025-11-20</subfield>
    <subfield code="l">0</subfield>
    <subfield code="o">297.1224045 NOT</subfield>
    <subfield code="p">A01883662</subfield>
    <subfield code="r">2025-11-20 10:41:41</subfield>
    <subfield code="y">B</subfield>
  </datafield>
  <datafield tag="952" ind1=" " ind2=" ">
    <subfield code="0">0</subfield>
    <subfield code="7">0</subfield>
    <subfield code="b">PD35</subfield>
    <subfield code="c">G</subfield>
    <subfield code="d">2025-11-20</subfield>
    <subfield code="l">0</subfield>
    <subfield code="o">297.1224045 NOT</subfield>
    <subfield code="p">A01883666</subfield>
    <subfield code="r">2025-11-20 10:41:41</subfield>
    <subfield code="y">B</subfield>
  </datafield>
</record>
